000 01130nam a2200301 4500
003 EG-GICUC
005 20260121101220.0
008 251113s1990 ua ||||fr|||| 00| 0 ara d
040 _a EG-GICUC
_bara
_c EG-GICUC
_d EG-GICUC
_erda
041 0 _aara
082 0 4 _221
_a341.84
_bف ؤ . ا
092 0 4 _221
099 _aLaw1 12 341.84 ف ؤ . ا 1990
100 0 _aفؤاد عبدالمنعم رياض
_eمؤلف.
245 1 0 _a اصول تنازع القوانين وتنازع الاختصاص القضائي الدولي /
_cفؤاد عبدالمنعم رياض،سامية راشد.
264 _a القاهرة :
_bدار النهضة العربية،
_c1990.
300 _a366 ؛ صفحة
_b
_c24 سم.
336 _2rda content
_atext
337 _2rda media
_aComputer
338 _2rda carrier
_aOnline Resource
546 _aالنص باللغة العربية
650 _aتنازع القوانين
650 _aالقضاء الدولي
700 0 _aسامية راشد
_eمؤلف.
856 4 0 _uhttps://fll.law.cu.edu.eg/fulltext/bks/B12-01217.pdf
905 _a75
_eYara
942 _2ddc
_n0
_cBK
_e21
999 _c43185
_d43185